Estudio de factibilidad para la construcción de un ramal ferroviario a Cenada

Guardat en:
Dades bibliogràfiques
Autor principal: Aguilar Fonseca, Fabio
Format: Desconegut
Publicat: [San José, Costa Rica] 1980
Etiquetes: Afegir etiqueta
Sense etiquetes, Sigues el primer a etiquetar aquest registre!

MARC

LEADER 00000 a2200000 4500
003 000500
005 20221231143740.0
008 140114s1980 crua m 000 ||s d
040 |c cru CEDI 
090 |a TFG 963 
100 |a Aguilar Fonseca, Fabio  |9 16013 
245 |a Estudio de factibilidad para la construcción de un ramal ferroviario a Cenada 
260 |c 1980  |a  [San José, Costa Rica] 
300 |a 49 hojas : ilustraciones (algunas plegables) ; 28 cm  
500 |a  Tesis (ingenieria civil)--Universidad de Costa Rica.  
942 |c TFG 
999 |c 11233  |d 11233